<?xml version="1.0" encoding="UTF-8"?>
<record
    xmlns:xsi="http://www.w3.org/2001/XMLSchema-instance"
    xsi:schemaLocation="http://www.loc.gov/MARC21/slim http://www.loc.gov/standards/marcxml/schema/MARC21slim.xsd"
    xmlns="http://www.loc.gov/MARC21/slim">

  <leader>00473    a2200157   4500</leader>
  <controlfield tag="005">20250607085629.0</controlfield>
  <datafield tag="020" ind1=" " ind2=" ">
    <subfield code="a">0-03-035084-0</subfield>
  </datafield>
  <datafield tag="082" ind1=" " ind2=" ">
    <subfield code="a">001.420 ZIK</subfield>
  </datafield>
  <datafield tag="100" ind1=" " ind2=" ">
    <subfield code="a">ZIKMUND, W.G.</subfield>
  </datafield>
  <datafield tag="245" ind1=" " ind2=" ">
    <subfield code="a">Business Research Methods.</subfield>
  </datafield>
  <datafield tag="250" ind1=" " ind2=" ">
    <subfield code="a">7th Ed.</subfield>
  </datafield>
  <datafield tag="260" ind1=" " ind2=" ">
    <subfield code="a">Australia,</subfield>
    <subfield code="b">Thomson South-Western,</subfield>
    <subfield code="c">2003.</subfield>
  </datafield>
  <datafield tag="300" ind1=" " ind2=" ">
    <subfield code="a">xix, 748p.: ill.; graphs, picture, table.</subfield>
    <subfield code="b">Glossary &amp; Index</subfield>
    <subfield code="c">26cm</subfield>
  </datafield>
  <datafield tag="856" ind1=" " ind2=" ">
    <subfield code="y">Access online book</subfield>
    <subfield code="f">Business</subfield>
    <subfield code="d">http://www.thomsonrights.com</subfield>
  </datafield>
  <datafield tag="942" ind1=" " ind2=" ">
    <subfield code="2">ddc</subfield>
    <subfield code="c">BKS</subfield>
  </datafield>
  <datafield tag="999" ind1=" " ind2=" ">
    <subfield code="c">32</subfield>
    <subfield code="d">32</subfield>
  </datafield>
  <datafield tag="952" ind1=" " ind2=" ">
    <subfield code="r">2025-03-06 06:09:37</subfield>
    <subfield code="l">0</subfield>
    <subfield code="o">001.420 ZIK</subfield>
    <subfield code="p">00000046</subfield>
    <subfield code="v">45000.00</subfield>
    <subfield code="w">2025-03-05</subfield>
    <subfield code="y">BKS</subfield>
    <subfield code="1">0</subfield>
    <subfield code="2">ddc</subfield>
    <subfield code="4">0</subfield>
    <subfield code="7">0</subfield>
    <subfield code="0">0</subfield>
    <subfield code="a">CBEML</subfield>
    <subfield code="b">CBEML</subfield>
    <subfield code="c">SPECIAL</subfield>
    <subfield code="d">2005-04-13</subfield>
    <subfield code="g">15000.00</subfield>
  </datafield>
  <datafield tag="952" ind1=" " ind2=" ">
    <subfield code="r">2025-03-06 06:09:37</subfield>
    <subfield code="l">0</subfield>
    <subfield code="o">001.420 ZIK</subfield>
    <subfield code="p">00000047</subfield>
    <subfield code="v">45000.00</subfield>
    <subfield code="w">2025-03-05</subfield>
    <subfield code="y">BKS</subfield>
    <subfield code="1">0</subfield>
    <subfield code="2">ddc</subfield>
    <subfield code="4">0</subfield>
    <subfield code="7">0</subfield>
    <subfield code="0">0</subfield>
    <subfield code="a">CBEML</subfield>
    <subfield code="b">CBEML</subfield>
    <subfield code="c">SPECIAL</subfield>
    <subfield code="d">2005-04-13</subfield>
    <subfield code="g">15000.00</subfield>
  </datafield>
  <datafield tag="952" ind1=" " ind2=" ">
    <subfield code="r">2025-03-06 06:09:37</subfield>
    <subfield code="l">0</subfield>
    <subfield code="o">001.420 ZIK</subfield>
    <subfield code="p">00000048</subfield>
    <subfield code="v">45000.00</subfield>
    <subfield code="w">2025-03-05</subfield>
    <subfield code="y">BKS</subfield>
    <subfield code="1">0</subfield>
    <subfield code="2">ddc</subfield>
    <subfield code="4">0</subfield>
    <subfield code="7">0</subfield>
    <subfield code="0">0</subfield>
    <subfield code="a">CBEML</subfield>
    <subfield code="b">CBEML</subfield>
    <subfield code="c">SPECIAL</subfield>
    <subfield code="d">2005-04-13</subfield>
    <subfield code="g">15000.00</subfield>
  </datafield>
</record>
